000 00636nam a2200205Ia 4500
003 OSt
005 20251201115758.0
020 _a978-0-547-05634-0
040 _cLC
050 _aJZ 1305 .D 86 2009
_b1
100 _aDUNCAN, W. RAYMOND
245 0 _aWORLD POLITICS IN THE 21ST CENTURY
250 _aSTUDENT CHOICE EDITION
260 _aBOSTON,
_bHOUGHTON MIFFLIN HARCOURT PUBLISHING COMPANY,
_c2009,
300 _aXX, 473 P, ILL
500 _aINCLUDES BIBLIOGRAPHICAL REFERENCES AND INDEX
650 _aInternational relations, World politics-21st century
700 _aJANCAR-WEBSTER BARBARA,SWITKY BOB
942 _cBK
_2lcc
_n0
999 _c161219
_d161219